Lawrence and the Arabs /

Bibliographic Details
Main Author: Graves, Robert, 1895-1985
Other Authors: Kennington, Eric, 1888-1960 (Illustrator)
Format: Book
Language:English
Published: London : J. Cape, [1927]
Subjects:

MARC

Tag First Indicator Second Indicator Subfields
LEADER 00000cam a2200000 4500
001 in00001132521
005 20150930093303.0
008 720829s1927 enk 000 0 eng u
010 |a  28011516  
035 |a (OCoLC)00394660 
035 |9 AFY2364AM 
040 |c WSU  |d m.c.  |d SER  |d UtOrBLW 
049 |a TXAS [mil] 
090 |a D566.L45  |b G7 1927 
100 1 |a Graves, Robert,  |d 1895-1985. 
245 1 0 |a Lawrence and the Arabs /  |c by Robert Graves ; illustrations edited by Eric Kennington ; maps by Herry Perry. 
264 1 |a London :  |b J. Cape,  |c [1927] 
300 |a 454 pages 
336 |a text  |b txt  |2 rdacontent 
337 |a unmediated  |b n  |2 rdamedia 
338 |a volume  |b nc  |2 rdacarrier 
600 1 0 |a Lawrence, T. E.  |q (Thomas Edward),  |d 1888-1935. 
650 0 |a World War, 1914-1918  |x Campaigns  |z Middle East. 
700 1 |a Kennington, Eric,  |d 1888-1960,  |e illustrator. 
999 |a MARS 
999 f f |s ed47be2d-1a21-34fd-a2b5-e1e998f9159c  |i b27e11f1-38e3-3392-a20d-a7134dce8fdc  |t 0 
952 f f |p noncirc  |a Texas A&M University  |b College Station  |c Cushing Memorial Library & Archives  |d Cushing: Ragan Military (Does not check out)  |t 0  |e D566.L45 G7 1927  |h Library of Congress classification  |i unmediated -- volume  |m A14852132381 
998 f f |a D566.L45 G7 1927  |t 0  |l Cushing: Ragan Military (Does not check out)